Statistics for Words in Dutch

Click here to take the quiz!

General Stats

  • This quiz has been taken 90 times
  • The average score is 12 of 15

Answer Stats

DutchEnglish% Correct
HalloHello
100%
NeeNo
97%
JaYes
97%
Excuseer MijExcuse Me
95%
GoedGood
94%
WelkomWelcome
92%
BedanktThank You
90%
WatWhat
89%
DeThe
85%
SlechteBad
79%
EnAnd
71%
OfOr
71%
DoeiBye
65%
WandelenWalk
47%
LoopRun
24%

Score Distribution

Percentile by Number Answered

Percent of People with Each Score

Your Score History

You have not taken this quiz